Entre pieles

Сохранить в:
Библиографические подробности
Главный автор: Torres, Alfonso
Формат:
Язык:Undetermined
Опубликовано: Santo Domingo, República Dominicana Cocolo 1996
Предметы:
Метки: Добавить метку
Нет меток, Требуется 1-ая метка записи!

MARC

LEADER 00000nam a2200000Ia 4500
008 170316s9999 xx 000 0 und d
040 |a cru BVZT 
090 |a 860 T-5e 
100 |a Torres, Alfonso 
245 |a Entre pieles 
260 |a Santo Domingo, República Dominicana  |b Cocolo  |c 1996 
300 |a 60 páginas 
650 |a LITERATURA LATINOAMERICANA 
999 |c 9280  |d 9280 
942 |c 15 D  |h 860 T-5e  |2 z